Bireşim (Record no. 11361)

MARC details
000 -BAŞLIK
Sabit Uzunlukta Kontrol Alanı 01396na a2200385 4500
001 - KONTROL NUMARASI
Denetim Alanı 21805
003 - KONTROL NUMARASI IDENTIFIER
Denetim Alanı MIRAKIL
005 - SON İŞLEM TARİHİ VE ZAMANI
Denetim Alanı 20181226092843.0
008 - SABİT-BOY VERİ ELEMANLARI - GENEL BİLGİLER
Sabit Uzunlukta Kontrol Alanı 170215b tu n0 0 0
022 ## - ULUSLARARASI STANDART SERİ NUMARASI
Uluslararası Standart Süreli Yayın Numarası 1301-1324
035 ## - SİSTEM KONTROL NUMARASI
Sistem Kontrol Numarası 20918
040 ## - KATALOGLAMA KAYNAK
Orijinal Kataloglama Ajansı Milas
Kataloglama Dili tur
Metne Dönüştürmek Ajansı TR-AnCHP
041 ## - DİL KODU
Metin / Ses Parça Veya Ayrı Başlığın Dil Kodu tur
082 ## - DEWEY ONLU SINIFLANDIRMA NUMARASI
Sınıflandırma Numarası CHP 050
Ürün Numarası BİR 1995-1999
090 ## - SINIFLAMA NUMARASI
Sınıflama Numarası CHP 050 DER 19
222 ## - ANAHTAR ADI
Anahtar Başlık Bireşim
245 ## - BAŞLIK TABLOSU
Başlık Bireşim
Başlığın Kalan politika, gençlik, kent kültürü seçkisi
246 ## - UNVAN FORM VARYING
Başlık Doğru / Kısa Başlığı Sosyal Demokrat Bireşim
246 ## - UNVAN FORM VARYING
Başlık Doğru / Kısa Başlığı Bireşim dergisi
260 ## - YAYIN, DAĞITIM, VB
Yayın, Dağıtım, Vb Yeri Ankara
Yayıncı, Dağıtıcı, Vs Adı Ceylan Yayıncılık
Yayın, Dağıtım, Vb Tarihi 1995-1999
300 ## - FİZİKSEL TANIM
Kapsam c.
Diğer Fiziksel Ayrıntıları res.
Boyutlar 28 sm.
362 ## - YAYIN VE / VEYA SIRALI GÖREVLENDİRİLMESİNE TARİHLERİ
Yayın Ve / Veya Ardışık Kullanım Amacı Tarihleri sayı 1 (Aralık 1995)-
500 ## - GENEL NOT
Genel Not s.1 ISBN 975-8048-00-7 ; s.2 ISBN 975-8048-00-7 ; s.3 ISBN 975-7075-00-0 ; 4.sayı itibarıyla ISSN 1301-1324
500 ## - GENEL NOT
Genel Not Mevcut sayılar: (1) 1995; (2) 1995; (3) 1996; (4) Ekim-Kasım 1996; (5) aralık-Ocak 1997; (6/7) Temmuz-Ağustos 1997; (8) Mayıs 1999
520 ## - ÖZET, VB
Özet, Vb Politika, gençlik, kent kültürü seçkisi
610 ## - KONU KATMA GİRİŞ - TOPLANTI ADI
Giriş Elemanı Olarak Kurumsal Ad Veya Yargı Alanı Adı CHP
Biçim Alt Bölümü Süreli yayınlar
650 ## - KONU KATMA GİRİŞ - TOPİKAL DÖNEM
Topikal Süreli Veya Coğrafi Ad Giriş Elemanı Gençlik
Form Alt Bölümü Süreli yayınlar
Genel Alt Bölümü Siyasal etkinlik
650 ## - KONU KATMA GİRİŞ - TOPİKAL DÖNEM
Topikal Süreli Veya Coğrafi Ad Giriş Elemanı Siyaset ve yönetim
Form Alt Bölümü Süreli yayınlar
650 ## - KONU KATMA GİRİŞ - TOPİKAL DÖNEM
Topikal Süreli Veya Coğrafi Ad Giriş Elemanı Kent kültürü
Form Alt Bölümü Süreli yayınlar
651 ## - KONU KATMA GİRİŞ - COĞRAFİ ADI
Coğrafi İsim Türkiye
Form Alt Bölümü Süreli yayınlar
Genel Alt Bölümü Siyaset ve yönetim
740 ## - KATMA GİRİŞ - KONTROLSUZ İLGİLİ / ANALİTİK BAŞLIK
Kontrol Edilmeyen / İlgili Analitik Başlıktaki Sosyal Demokrat Bireşim
910 ## - KULLANICI SEÇENEK, VERİLERİN (OCLC)
Kullanıcı Seçenek Veri DERGİ 19
942 ## - EKLENDİ GİRİŞ ELEMANLARI (KOHA)
Sınıflandırma Veya Raf Düzeni Kaynak Dewey Decimal Classification
Koha Öğesi Türü Serials
999 ## - SİSTEM KONTROL NUMARALARI (KOHA)
Koha Biblionumber 11361
Koha Biblioitemnumber 11361
655 ## - INDEX DÖNEM - TÜR / FORMU
-- Dergi
Holdings
Kullanım Kısıtlamaları Kalıcı Konum Mevcut Konum Edinme Tarihi Kodlu Konum Eleme Toplam Check-Out'Lar Tam Çağrı Numarası Barkod Tarih Son Görülme İtibaren Geçerli Fiyatlar Sigara Kamu Notu Koha Öğesi Türü
Kütüphane dışına çıkarılamaz CHP Kütüphanesi CHP Kütüphanesi 02/07/2017 SÜRELİ YAYINLAR   050 DER 151 D019 02/07/2017 02/07/2017 Serials